000 00415nam a2200145Ia 4500
008 100122s9999 xx 000 0 und d
082 _b36529
_a821
100 _aजाधव टी के
245 _aगुलशन ए गजल
260 _bकिरण प्रकाशन
_c1905
300 _a81
630 _aगुलशन ए गजल
730 _aगुलशन ए गजल
942 _cBOOK
999 _c419201
_d419198